Elton John Songs - Statistics

General Stats
  • This quiz has been taken 354 times
  • The average score is 7 of 15
Answer Stats
Lyrics Answer % Correct
Goodbye Norma Jean / Though I never knew you at all Candle in the Wind
92%
My gift is my song / And this one's for you Your Song
86%
When are you gonna come down / When are you going to land Goodbye Yellow Brick Road
76%
She's got electric boots a mohair suit / You know I read it in a magazine Bennie and the Jets
71%
Ooh hoo, nobody knows it / When I was down, I was your clown Don't Go Breaking my Heart
69%
It's sad, so sad / It's a sad, sad situation Sorry Seems to be the Hardest Word
57%
It's enough for this wide-eyed wanderer / That we got this far Can You Feel the Love Tonight
48%
But more than ever I simply love you / More than I love life itself I Guess That's Why They Call It The Blues
39%
It's four o'clock in the morning / Damn it, listen to me good Someone Saved My Life Tonight
36%
Oh I saw you by the wall / Ten of your tin soldiers in a row Nikita
28%
Life / Isn't everything / Isn't everything / Isn't everything Song For Guy
21%
You said I'm sorry honey if I don't change the pace / I can't face another day Love Lies Bleeding
18%
Turn me loose from your hands / Let me fly to distant lands Skyline Pigeon
16%
Very clearly a case for cornflakes and classics / Two teas both with sugar please Captain Fantastic and the Brown Dirt Cowboy
11%
If only I could swing upon those twinkling dots above / I'd look down from the heavens upon the ones I love Empty Sky
4%
No matching quizzes found
Score Distribution
Percent of People with Each Score
Percentile by Number Answered
Your Score History
You have not taken this quiz